| 000 | 00386cam a2200157ua 4500 | ||
|---|---|---|---|
| 041 |
_aeng _h |
||
| 082 |
_a428 _bOLI/EN |
||
| 100 | _aOliphant, Lancelot . | ||
| 245 |
_aEnglish observed / _cLancelot Oliphant. _hTextual Documents |
||
| 250 |
_a1 / _b. |
||
| 260 |
_aMumbai : _bAsia Publishing House , _c1956. |
||
| 300 | _a124 ; . | ||
| 504 | _a | ||
| 942 | _cBK | ||
| 999 |
_c7626 _d7626 |
||